| 000 | 00324nam a22001217a 4500 | ||
|---|---|---|---|
| 003 | NUST | ||
| 005 | 20230308142858.0 | ||
| 008 | 230308b ||||| |||| 00| 0 eng d | ||
| 082 | _a297.63,NAI | ||
| 245 |
_aAnwaar / _cKarim Haideri |
||
| 260 |
_aRawalpindi, Pakistan _bMaktaba Al Mehmood _c1993 |
||
| 942 |
_2ddc _cBK _k297.63,NAI |
||
| 999 |
_c593590 _d593590 |
||